Statistiques concernant Harry Potter commençant par M

Cliquez ici pour prendre le quiz!

Statistiques générales

  • Ce quiz a été pris 1 015 fois
  • Le résultat moyen est 4 sur 10

Statistiques - réponses

HintRéponse% Correct
Bus des sorciersMagicobus
96%
Sûppots de VoldemortMangemorts
78%
Plante permettant de guérir la pétrificationMandragore
75%
Dragon qu'affronte HarryMagyar à Pointes
57%
Cour suprême de justice des sorciersMagenmagot
44%
Formule pour faire apparaître la marque des ténèbresMorsmordre
29%
Friandise pour hibouMiamhibou
18%
Animalerie du chemin de TraverseMénagerie magique
12%
Tonks en est uneMétamorphage
9%
Un accessoire parfait pour les voleursMain de la Gloire
5%

Distribution des résultats

Percentile par nombre de réponses

% des personnes avec chaque résultat

Votre développement - résultats

Vous n’avez pas pris ce quiz